Parlament III RP - Statystyki

Ogólne statystyki
  • Ten quiz został rozwiązany 357 razy
  • Średni wynik to 14 z 16
Statystyki odpowiedzi
Pytanie Odpowiedź % Poprawnych
Polski parlament jest: unikameralny czy bikameralny? bikameralny
97%
Jak nazywa się izba niższa parlamentu? Sejm
97%
Ile trwa kadencja niższej izby parlamentu? 4 lata
95%
Ile trwa kadencja wyższej izby parlamentu? 4 lata
95%
Jak nazywa się członek niższej izby parlamentu? poseł
95%
Jak nazywa się wyższa izba pralamentu? Senat
95%
Jak nazywa się członek wyższej izby parlamentu? senator
94%
Kto kieruje pracami niższej izby? Marszałek Sejmu
90%
Ilu członków znajduje się w wyższej izbie? 100
89%
Ilu członków znajduje się w niższej izbie? 460
89%
Kto kieruje pracami wyższej izby? Marszałek Senatu
89%
Obecnym premierem jest: Mateusz Morawiecki
89%
Pierwszym premierem III RP był: Tadeusz Mazowiecki
74%
Wspólne posiedzenie obu izb to: Zgromadzenie Narodowe
73%
Początek pierwszej kadencji izby niższej datuje się na rok: 1989
56%
Początek pierwszej kadencji izby wyższej datuje się na rok: 1991
55%
Nie znaleziono quizów pasujących do podanych kryteriów
Rozkład punktacji
Procent ludzi z każdym wynikiem
Percentyl według liczby udzielonych odpowiedzi
Twoja historia wyników
Nie rozwiązałeś tego quizu